000
00284nam a22001217a 4500
008
170301b xxu||||| |||| 00| 0 srb d
041
_a
srb
080
_a
61
100
_a
4
101
_a
SHM
245
_a
CELIJACNI ARTERIJSKI SISTEM INJEGOV KLINICKI ZNACAJ
_c
VELA, A
942
_2
udc
_c
BK
999
_c
6460
_d
6460